000 00828nam a2200253Ia 4500
003 OSt
005 20220927110651.0
006 a|||||r|||| 00| 0
007 ta
008 220926b |||||||| |||| 00| 0 eng d
024 _a101024
037 _cReports
040 _aRTL
_cRTL
_beng
041 _2eng
_aeng
082 _a"X9(J582).262.N62t4, K4/GD"
110 _a"West Bengal, Government of..... State Statistical (Bureau)"
_9379646
245 0 _aReport on the sample survey of coconut in West Bengal
260 _aCalcutta
_bGovernment Press India
_c1964
300 _a22p.
_ccm.
650 _aCoconut Industry
700 _a"West Bengal, Government of..... State Statistical (Bureau)"
_9379647
942 _h"X9(J582).262.N62t4, K4/GD"
_cCC
999 _c697558
_d697558